Metodika profesionálneho vzdelávania dospelých učebné texty pre profesionálne vzdelávanie manažérov s certifikáciou MIF KHF BC 14/1998 : marketing tréningových programov pre stredný manažment výrobných podnikov

Saved in:
Bibliographic Details
Main Author: Tkáčiková, Jarmila
Other Authors: Hajtmánek, Roman
Format: Book
Language:Slovak
Published: [Bratislava] [Know How Fund - IPV] [1998]
Subjects:
Tags: Add Tag
No Tags, Be the first to tag this record!

MARC

LEADER 00000nam a2200000 4500
001 0166343
005 20240502072910.7
041 0 |a slo 
044 |a SK 
245 1 0 |a Metodika profesionálneho vzdelávania dospelých  |b učebné texty pre profesionálne vzdelávanie manažérov s certifikáciou MIF KHF BC 14/1998 : marketing tréningových programov pre stredný manažment výrobných podnikov  |c Jarmila Tkáčiková, Roman Hajtmánek 
264 1 |a [Bratislava]  |b [Know How Fund - IPV]  |c [1998] 
300 |a 64 s., [3,2 AH] 
610 2 0 |a vzdelávanie dospelých 
610 2 0 |a vyučovanie 
610 2 0 |a marketing 
610 2 0 |a manažment 
610 2 0 |a manažéri 
610 2 0 |a podnik výrobný 
610 2 0 |a komunikácia 
100 1 |a Tkáčiková, Jarmila 
700 1 |a Hajtmánek, Roman